Economía y desarrollo urbano en Centroamérica. Infraestructura y planificación /

שמור ב:
מידע ביבליוגרפי
מחבר ראשי: Lungo Uclés, Mario
מחברים אחרים: coord, Polése, Mario
פורמט: לא ידוע
נושאים:
תגים: הוספת תג
אין תגיות, היה/י הראשונ/ה לתייג את הרשומה!

MARC

LEADER 00000 a2200000 04500
001 11809
003
008 991231s d
040
090 |a 140805  
100 |a Lungo Uclés, Mario  
245 |a Economía y desarrollo urbano en Centroamérica. Infraestructura y planificación /  |c Mario Lungo Uclés 
300 |a 270 p.  
650 |a INFRAESTRUCTURA DEL TRANSPORTE  
650 |a CARRETERAS  
650 |a DESARROLLO URBANO  
650 |a PLANIFICACION URBANA  
650 |a DESARROLLO ECONOMICO  
650 |a GOBIERNO LOCAL  
650 |a GASTOS PUBLICOS  
650 |a GESTION FINANCIERA  
650 |a PROGRAMAS DE FINANCIAMIENTO  
700 |a coord  
700 |a Polése, Mario  
700 |a coord  
999 |c 13527  |d 13527